How to read body language (Record no. 2718)

000 -LEADER
fixed length control field 00720nam a2200241Ia 4500
007 - PHYSICAL DESCRIPTION FIXED FIELD--GENERAL INFORMATION
fixed length control field ta
008 - FIXED-LENGTH DATA ELEMENTS--GENERAL INFORMATION
fixed length control field 230322t2022||||uk a ||gd|||||||1 ||eng||
020 ## - INTERNATIONAL STANDARD BOOK NUMBER
International Standard Book Number 9798691101694
Terms of availability $ 14.97
040 ## - CATALOGING SOURCE
Original cataloging agency IMU Kochi Library
Language of cataloging eng
041 0# - LANGUAGE CODE
Language code of text/sound track or separate title eng
044 ## - COUNTRY OF PUBLISHING/PRODUCING ENTITY CODE
MARC country code United States
082 04 - DEWEY DECIMAL CLASSIFICATION NUMBER
Edition number 23
Classification number 153.69
Item number Au46
100 1# - MAIN ENTRY--PERSONAL NAME
Personal name Augustus, Harvey
245 10 - TITLE STATEMENT
Title How to read body language
Sub Title : secrets to analyzing and speed reading people like a book - how to understand and talk to any person /
260 ## - PUBLICATION, DISTRIBUTION, ETC. (IMPRINT)
Place of publication, distribution, etc USA :
Name of publisher, distributor, etc Viebooks LLC,
Date of publication, distribution, etc 2020
300 ## - PHYSICAL DESCRIPTION
Extent 191 p. ;
Dimensions 20 cm.
650 #0 - SUBJECT ADDED ENTRY--TOPICAL TERM
Topical term or geographic name as entry element Body language
650 #0 - SUBJECT ADDED ENTRY--TOPICAL TERM
Topical term or geographic name as entry element Nonverbal communication
650 #0 - SUBJECT ADDED ENTRY--TOPICAL TERM
Topical term or geographic name as entry element SELF-HELP
General subdivision Communication & Social Skills
852 ## - LOCATION/CALL NUMBER
Location IMU Kochi Library
904 ## - LOCAL DATA ELEMENT D, LDD (RLIN)
CATALOGER Akhil Bose
942 ## - ADDED ENTRY ELEMENTS (KOHA)
Item type Books
Holdings
Withdrawn status Lost status Source of classification or shelving scheme Damaged status Not for loan Collection code Permanent location Current location Shelving location Date acquired Source of acquisition Cost, normal purchase price Total Checkouts Full call number Barcode Date last seen Date last borrowed Koha item type Public note Total Renewals
          Management Studies IMU Kochi Library IMU Kochi Library General Stacks 2023-03-30 M/S T V Enterprises (Inv. No. 788/22-23 Dt. 2023-03-23) 1229.79 7 153.69 Au46 BK006165 2025-02-25 2025-02-20 Books Gen. Shelf-2, Row-4  
          Management Studies IMU Kochi Library IMU Kochi Library General Stacks 2023-03-30 M/S T V Enterprises (Inv. No. 788/22-23 Dt. 2023-03-23) 1229.79 2 153.69 Au46 BK006166 2025-02-25 2025-02-14 Books Gen. Shelf-2, Row-4  
          Management Studies IMU Kochi Library IMU Kochi Library General Stacks 2023-03-30 M/S T V Enterprises (Inv. No. 788/22-23 Dt. 2023-03-23) 1229.79 5 153.69 Au46 BK006167 2024-10-29 2024-10-08 Books Gen. Shelf-2, Row-4 1


Copyright © All Rights Reserved by Indian Maritime University, Kochi Campus.
For any Suggestions/Query Contact to library or Email: library.kochi@imu.ac.in Ph:(0484)-2989402
(Web OPAC Designed by Rudra Ranjan. Maintained by IMU Kochi Library)

Powered by Koha